MDQL
is popping MORE tags! Check the
thread
!
Quizzes
Events
Quiz Creation
Community
Videos
Private Events
Remove Ads
Sign In
Join for FREE
Feedback
Dark Mode
Quiz Categories
Sports
Geography
Music
Movies
Television
Just For Fun
Miscellaneous
History
Literature
Language
Science
Gaming
Entertainment
Religion
Holiday
For Kids
Quiz Lab
Recent
Popular Today
Quiz Kudos Today
Editor Picks
Curator Picks
Quizzes by...
Day
Popularity
Type
Ratings
Length
Year
Community
Subscriptions
Recent Discussions
Orange Saloon
Badges
Playlists
Quests
Create
Leaderboards
Showdown
Live 5
Trivia Bingo
Activity
Puzzle Library
Sporcle Events
Private Events
Virtual Trivia
Globe League
Become a Host
Pub Owners
SporcleCon
Opinionation
Our Games
Videos
Blog
Mobile Apps
Partnerships
Remove Ads and Go Orange
Feedback
Television
TV Characters
TV Show
Sitcom
Network
Friends
Reality Shows
Cast
South Park
Star Trek
The Simpsons
Doctor Who
Television
TV Characters
TV Show
Sitcom
Network
Friends
Reality Shows
Cast
South Park
Star Trek
The Simpsons
Doctor Who
Random Quiz
Search Sporcle
×
Quiz Lab
Quiz Lab
Television
Show
Type in answers that appear in a list
Type in answers that appear in a list
Classic
Best Score? Go Orange.
X Factor Finalists 2010 Stats
Can you name the X Factor Finalists 2010?
By
tornado123
5m
16 Questions
352 Plays
352 Plays
352 Plays
Comments
Comments
Give Quiz Kudos
Give Quiz Kudos
-
- Ratings
hide this ad
More Info
Random Order
Randomize order of answers
Randomize order of answers
Replay
Link that replays current quiz
Next Quiz
Link to next quiz in quiz playlist
You Got
0%
They Got
Avg Score
72%
Avg Friend Score
Upgrade to see
Score Distribution
Jump to the score distribution portion of the page
Score
0/16
Timer
05:00
0
Plays Today
Mentor
Act (full name)
% Correct
Simon (Groups)
One Direction
93.5%
Dannii (Boys)
Matt Cardle
88.4%
Cheryl (Girls)
Cher Lloyd
88.1%
Louis (Over 28s)
Wagner
84.4%
Cheryl (Girls)
Rebecca Ferguson
77.8%
Simon (Groups)
DIVA Fever
76.7%
Simon (Groups)
Belle Amie
75.3%
Cheryl (Girls)
Katie Waissel
73.9%
Mentor
Act (full name)
% Correct
Dannii (Boys)
Aiden Grimshaw
73.6%
Simon (Groups)
F.Y.D
72.2%
Louis (Over 28s)
Storm Lee
67%
Dannii (Boys)
Paije Richardson
64.5%
Cheryl (Girls)
Treyc Cohen
64.5%
Dannii (Boys)
Nicolò Festa
54.5%
Louis (Over 28s)
John Adeleye
50.9%
Louis (Over 28s)
Mary Byrne
49.4%
Quiz Playlist
Details
Report
Send in Message
Add To Playlist
More Info:
Prepare the Music!!!
Classic:
Type in answers that appear in a list
Random Order:
Randomize order of answers
Quiz Source
Last Updated: Feb 16, 2017
Quiz Scoreboard
CHALLENGE
Sign Up to Join the Scoreboard
Show All
Scores
Hide
Comments
May contain spoilers
Recently Published
1-10 Letter E Words III
by El_Dandy
Language
2m
Street Fighter Characters
by Artimus82
Gaming
60s
College Basketball Coaching Resumes
by pancakes188
Sports
9m
More to Explore
Quiz From the Vault
Featured Blog Post
Where Did the Easter Bunny Come From?
hide this ad
You Might Also Like...
Tags
Show Quiz
2010
factor
finalist
Vote
X Factor
Today's Top Quizzes in Television
Browse Television
hide this ad
Today's Top Quizzes in Show
Browse Show
Top Contributed Quizzes in Television
1
Survivor Journey Challenge
2
Adjectives in 80s TV Shows
3
Adjectives in 00s TV Shows
4
5-to-1: The Simpsons Families
5
Adjectives in 10s TV Shows
6
5-to-1: Television Doctors
7
7-to-1: TV Show Settings
8
Adjectives in 70s TV Shows
9
5-to-1: Streaming Originals
10
Survivor Seasons
Explore More
Trending Topics
Harry Potter
Disney
Anime
NBA
Kpop
Crossword
Marvel
WWE
Soccer
The Office
NFL
Song
Puzzle
Country
Pokémon
hide this ad
More By:
tornado123
Quiz
Plays
Rating
Category
Featured
Created
Britain's Got Talent Semi-finalists 2013
68
Television
Jun 23, 2013
Mario Kart Characters Minefield
14,202
3.58
Gaming
Dec 22, 2012
Name ALL of the Skylanders!
1,624
Gaming
Feb 21, 2013
Skylanders Official Catchphrases
641
5.00
Gaming
Mar 4, 2013
X Factor Finalists 2010
352
1.00
Television
Oct 13, 2010
Skylanders by Soul Gem Move
325
Gaming
Mar 7, 2013
Go to Creator's Profile
Score Distribution
Quiz Creator Spotlight
tornado123
Follow
Send a Message
Quizzes Created
-
Created Quiz Play Count
-
More By This Creator
Popular Quizzes Today
1
Find the US States - No Outlines Minefield
2
Find the Countries of Europe - No Outlines Minefield
3
The Countries of the World
4
Find the US States
5
Risky Map Clicking: Biggest States A-Z
6
US States
7
Popular People in 1961
8
Movies - When Are They Set?
More Television Quizzes
TV Crossword: Friends
Editor's Pick
Trending Quizzes
Risky Map Clicking: Least Populous States A-Z
1-10 Letter G Words
1-10 Letter F Words
Countries of the World: 200 Million BC
Risky Map Clicking: Next State Alphabetically
Recently Updated
Most Oscar Losses (Acting)
pecheneg
Beyoncé Albums
pecheneg
Leaping Animals
pecheneg
Reality TV Shows (A-Z)
bhenderson79
Rickey Henderson's Hall of Fame Teammates
pecheneg
Champions League XIs: Arsenal
pecheneg
Quick Pick: Celebrities in WWE's Hall of Fame
aduchscher
A-Z Keypad Blitz II
pecheneg
Multiple Oscar Actors
pecheneg
Mystery Phrase Blitz: Oscar 'Best Actors'
pecheneg
Trending Topics
NBA
Disney
Marvel
Crossword
Anime
Harry Potter
Kpop
NFL
WWE
Puzzle
The Office
Country
Song
Soccer
Pokémon
Your Account Isn't Verified!
In order to create a playlist on Sporcle, you need to verify the email address you used during registration. Go to your
Sporcle Settings
to finish the process.
Report this User
Report this user for behavior that violates our
Community Guidelines
.
Details:
Send Report
Go to the Sporcle.com Mobile Site →
Comments